Brighton and Hove Albion 2016/17 players quiz - Statistics

General Stats
  • This quiz has been taken 127 times
  • The average score is 19 of 29
Answer Stats
Kit Number Answer % Correct
17 Murray
97%
13 Stockdale
97%
2 Bruno
96%
5 Dunk
95%
7 Kayal
91%
11 Knockaert
91%
22 Duffy
89%
6 Stephens
89%
10 Hemed
88%
20 March
86%
3 Bong
85%
9 Baldock
80%
15 Murphy
76%
14 Sidwell
74%
8 Skalak
68%
18 Goldson
61%
1 Maenpaa
57%
30 LuaLua
54%
12 Pocognoli
51%
21 Norwood
49%
23 Rosenior
49%
29 Towell
41%
24 Ince
39%
26 Walton
38%
28 Akpom
36%
16 Ankergren
35%
27 Tomori
31%
4 Hunemeier
26%
42 Hunt
24%
No matching quizzes found
Score Distribution
Percent of People with Each Score
Percentile by Number Answered
Your Score History
You have not taken this quiz